Pořadová cvičení : schváleno ústředním náčelnictvím ČSTV /

Hlavní autor: Žižka, Jiří
Jazyk: Čeština
Vydáno: Praha : Sportovní a turistické nakladatelství, 1957
Vydání: 1. vyd.
Témata:
Fyzický popis: 108 s. ; 12°
Knihy
Uloženo v:
LEADER 01002nam a22003012a 4500
001 000976749
003 CZ BrMZK
005 20181009103148.0
007 ta
008 091110s1957 xr er|||||||||||cze d
015 |a cnb000725690 
035 |a (OCoLC)85458263 
040 |a ABA001  |b cze  |d ABA001  |d BOA001 
072 7 |a 796  |x Sport. Hry. Tělesná cvičení  |2 Konspekt  |9 20 
080 |a 796.012.47  |2 MRF 
080 |a (035)  |2 MRF 
100 1 |a Žižka, Jiří  |7 jk01153203  |4 aut 
245 1 0 |a Pořadová cvičení :  |b schváleno ústředním náčelnictvím ČSTV /  |c Jiří Žižka 
250 |a 1. vyd. 
260 |a Praha :  |b Sportovní a turistické nakladatelství,  |c 1957 
300 |a 108 s. ;  |c 12° 
504 |a Obsahuje bibliografii 
650 0 7 |a pořadová cvičení  |7 ph182954  |2 czenas 
655 7 |a příručky  |7 fd133209  |2 czenas 
910 |a BOA001  |b 1-0378.064 
990 |a BK 
991 |b 200911 
996 6 |b 2619416166  |c 1-0378.064  |l MZK  |r Sklad / do 1 hodiny  |n 0  |w 000976749  |u 000010  |a 1  |e BOA001  |j MZK50  |s P